A menina do mar (Registo nº 2187)

Detalhes MARC
000 -Etiqueta do registo
Cabeçalho 00803nam a22002651 4500
005 - Identificador da versão
Campo de controlo 20240813121927.0
010 ## - Número internacional normalizado dos livros (ISBN)
Número (ISBN) 9726611970
021 ## - Número do Depósito Legal
Código do país PT
Número 205843/04
100 ## - Dados gerais de processamento
Dados gerais de processamento 20050530d2004 d y0pory5003 ba
102 ## - Pais de publicação ou produção
País de publicação Portugal
101 0# - Língua de publicação
Língua do texto, banda sonora, etc. Português
106 ## - Campo de dados codificados: material textual
Dados codificados do material textual r
105 ## - Campo de dados codificados: livros
Dados codificados dos livros a z 000fy
215 ## - Descrição física 
Indicação específica da natureza do documento e extensão da espécie 29, [2] p.
Outras indicações físicas il.
Dimensões 21 cm
200 1# - Titulo e menção de responsabilidade
Título próprio A menina do mar
Primeira menção de responsabilidade Sophia de Mello Breyner Andresen
Outras menções de responsabilidade il. Luís Noronha da Costa
210 ## - Publicação, Distribuição, etc. 
Lugar da edição, distribuição, etc. Porto
Nome do editor, distribuidor, etc. Figueirinhas
Data da publicação, distribuição, etc. imp. 2004
606 ## - Nome comum usado como assunto
Número de registo de entrada de autoridade 0000364
Palavra de ordem Literatura portuguesa infanto-juvenil
Subdivisão de assunto Conto
675 ## - Classificação Decimal Universal (CDU)
Notação 821.134.3-34
Edição
Língua da edição por
702 #1 - Nome de autor-pessoa física (responsabilidade secundária)
Número de registo de entrada de autoridade 0000998
Palavra de ordem Costa
Outra parte do nome não tomada para palavra de ordem Luís Noronha da
Datas 1942-
Código de função Ilustrador / Técnico de desenho computorizado
700 #1 - Nome de autor-pessoa física (responsabilidade principal)
Número de registo de entrada de autoridade 0000987
Palavra de ordem Andresen
Outra parte do nome não tomada para palavra de ordem Sofia de Melo Breyner
Datas 1919-2004
942 ## - Elementos de entrada adicionados (Koha)
Tipo de item no Koha Livro
Exemplares
Situação do levantamento Origin of item (home branch) (coded) Biblioteca de empréstimo Código de barras Cota Data de devolução Circulation type (not for loan) Tipo de documento Nota do exemplar Damaged status
  Biblioteca Escolar da Coca Maravilhas Biblioteca Escolar da Coca Maravilhas BECM6506 8POR AND     Livro Sem mensagem  
  Biblioteca Escolar da Coca Maravilhas Biblioteca Escolar da Coca Maravilhas BECM6545 8POR AND     Livro Sem mensagem  
  Biblioteca Escolar da Coca Maravilhas Biblioteca Escolar da Coca Maravilhas BECM6944 8POR AND     Livro Sem mensagem